Giáo trình luật thương mại cơ bản
Giáo trình bao gồm 5 bài: Bài 1: Khái quát chung về thương mại và luật thương mại; Bài 2: Pháp luật về các loại hình doanh nghiệp; Bài 3: Hợp đồng trong hoạt động thương mại và pháp luật về các loại hợp đồng thương mại; ......
Gorde:
| Egile nagusia: | |
|---|---|
| Formatua: | Liburua |
| Hizkuntza: | Undetermined |
| Argitaratua: |
Cần Thơ
Trường Đại học Cần Thơ
2007
|
| Gaiak: | |
| Etiketak: |
Etiketa erantsi
Etiketarik gabe, Izan zaitez lehena erregistro honi etiketa jartzen!
|
| Thư viện lưu trữ: | Trung tâm Học liệu Trường Đại học Cần Thơ |
|---|
| LEADER | 00919nam a2200193Ia 4500 | ||
|---|---|---|---|
| 001 | CTU_126806 | ||
| 008 | 210402s9999 xx 000 0 und d | ||
| 082 | |a 346.59707 | ||
| 082 | |b Ng527 | ||
| 100 | |a Dương, Kim Thế Nguyên | ||
| 245 | 0 | |a Giáo trình luật thương mại cơ bản | |
| 245 | 0 | |c Dương Kim Thế Nguyên | |
| 260 | |a Cần Thơ | ||
| 260 | |b Trường Đại học Cần Thơ | ||
| 260 | |c 2007 | ||
| 520 | |a Giáo trình bao gồm 5 bài: Bài 1: Khái quát chung về thương mại và luật thương mại; Bài 2: Pháp luật về các loại hình doanh nghiệp; Bài 3: Hợp đồng trong hoạt động thương mại và pháp luật về các loại hợp đồng thương mại; ... | ||
| 650 | |a Commercial law | ||
| 904 | |i Hạ Nguyên | ||
| 980 | |a Trung tâm Học liệu Trường Đại học Cần Thơ | ||